El pescador de Barú: (Registro nro. 20607)
[ vista simple ]
| 000 -CABECERA | |
|---|---|
| Campo de control | 01209nam a22003257a 4500 |
| 005 - FECHA Y HORA DE LA ULTIMA TRANSACCION | |
| Campo de control | 20191125073150.0 |
| 008 - ELEMENTOS DE LONGITUD FIJA—INFORMACION GENERAL | |
| Campo de control | 191125b xxu||||| |||| 00| 0 spa d |
| 020 ## - ISBN | |
| ISBN | 9789587741070 |
| 040 ## - FUENTE DE CATALOGACIÓN | |
| Agencia catalogadora original | CO-BoIAVH |
| Agencia transcriptora | CO-BoIAVH |
| 041 ## - IDIOMA | |
| Código de idioma para texto/pista de sonido o título separado | Español |
| 044 ## - PAÍS DE PUBLICACIÓN | |
| País de publicación | Colombia |
| 082 ## - NUMERO DE CLASIFICACION DECIMAL DEWEY | |
| Número de clasificación | 338.3727 |
| Número del ítem | V71p |
| 100 ## - ASIENTO PRINCIPAL--NOMBRE PERSONAL | |
| 9 (RLIN) | 102027 |
| Nombre personal | Villamil Medrano, Enrique |
| 245 13 - MENCION DE TITULO | |
| Título | El pescador de Barú: |
| Parte restante del título | Una aproximación a la recuperación del conocimiento local asociado a la pesca. |
| 260 ## - PUBLICACION, DISTRIBUCION, ETC. (PIE DE IMPRENTA) | |
| Lugar de publicación, distribución, etc. | Bogotá: |
| Nombre del editor, distribuidor, etc. | Universidad de los Andes, |
| -- | Facultad de Economía, |
| Fecha de publicación, distribución, etc. | 2015. |
| 300 ## - DESCRIPCION FISICA | |
| Extensión | 225 Páginas: |
| Otros detalles físicos | fotografías, ilustraciones y mapas, |
| Dimensiones | 28 x 24 cm. |
| 650 #0 - ASIENTO SECUNDARIO DE MATERIA - TERMINO TEMATICO | |
| 9 (RLIN) | 102032 |
| Término temático o nombre geográfico como elemento de entrada | Pesca |
| Subdivisión geográfica | Barú |
| 650 #0 - ASIENTO SECUNDARIO DE MATERIA - TERMINO TEMATICO | |
| 9 (RLIN) | 65111 |
| Término temático o nombre geográfico como elemento de entrada | Comunidades de pescadores |
| 650 #0 - ASIENTO SECUNDARIO DE MATERIA - TERMINO TEMATICO | |
| 9 (RLIN) | 97734 |
| Término temático o nombre geográfico como elemento de entrada | Aspectos sociales |
| 650 #0 - ASIENTO SECUNDARIO DE MATERIA - TERMINO TEMATICO | |
| 9 (RLIN) | 5638 |
| Término temático o nombre geográfico como elemento de entrada | Aspectos económicos |
| 650 #0 - ASIENTO SECUNDARIO DE MATERIA - TERMINO TEMATICO | |
| 9 (RLIN) | 1863 |
| Término temático o nombre geográfico como elemento de entrada | Pesca artesanal |
| Subdivisión geográfica | Colombia |
| 700 ## - ASIENTO SECUNDARIO - NOMBRE PERSONAL | |
| 9 (RLIN) | 102028 |
| Nombre personal | Bolaño Medrano, José |
| 700 ## - ASIENTO SECUNDARIO - NOMBRE PERSONAL | |
| 9 (RLIN) | 102029 |
| Nombre personal | Gómez Rodriguez, Wilner |
| 700 ## - ASIENTO SECUNDARIO - NOMBRE PERSONAL | |
| 9 (RLIN) | 102030 |
| Nombre personal | Valencia Gómez, Nicolás |
| 700 ## - ASIENTO SECUNDARIO - NOMBRE PERSONAL | |
| 9 (RLIN) | 102031 |
| Nombre personal | Geles Villamil, Miguel Ángel |
| 700 ## - ASIENTO SECUNDARIO - NOMBRE PERSONAL | |
| 9 (RLIN) | 1867 |
| Nombre personal | Moreno-Sánchez, Rocío del Pilar |
| 700 ## - ASIENTO SECUNDARIO - NOMBRE PERSONAL | |
| 9 (RLIN) | 2294 |
| Nombre personal | Mendoza-Mojica, Sandra Lucia |
| 700 ## - ASIENTO SECUNDARIO - NOMBRE PERSONAL | |
| 9 (RLIN) | 4419 |
| Nombre personal | Maldonado, Jorge Higinio |
| 942 ## - ELEMENTOS ADICIONALES (KOHA) | |
| Sistema de clasificación | Dewey Decimal Classification |
| Tipo de ítem | Libro |
| Withdrawn status | Lost status | Sistema de Clasificación | Damaged status | No para préstamo | Colección | Ubicación Permanente | Ubicación actual | Fecha de adquisición | Total Checkouts | Número topográfico | Inventario / Código de Barras | Date last seen | Ejemplar | Price effective from | Forma de adquisición | Tipo de material |
|---|---|---|---|---|---|---|---|---|---|---|---|---|---|---|---|---|
| Dewey Decimal Classification | General | Bogotá | Bogotá | 25/11/2019 | LB-338.3727 V71p | 043819 | 25/11/2019 | Ej.1 | 25/11/2019 | Canje | Libro |